| 000 | 02277cam a2200637 a 4500 | ||
|---|---|---|---|
| 001 | 20165 | ||
| 003 | VRT | ||
| 005 | 20260117150120.0 | ||
| 008 | 240318s2010 xo oa g f 001 0 slo | ||
| 015 | _aSNBA2012/06-03075 | ||
| 020 |
_a9788055123547 _q(viaz.) |
||
| 035 | _a8CFD01BC-DEE4-4A48-8A0F-C7F4BF9492C3 | ||
| 035 | _aurn:nbn:sk:snk-amjgjh | ||
| 035 | _aurn:nbn:sk:snk-am001rxl | ||
| 039 | 9 |
_a202403181337 _bVLOAD _c202311301250 _dmsnk170 _c201910181036 _dAUTHORITY _c201808091444 _dVLOAD |
|
| 040 |
_aPOKPOH _bslo _cPOKPOH _dSNK _eAACR2 |
||
| 041 | 1 |
_aslo _hger |
|
| 044 |
_axo _cSK |
||
| 072 | 7 |
_a613 _xHygiena. Ľudské zdravie _2konspekt |
|
| 080 |
_a616-006.04 _22001 |
||
| 080 |
_a613.2 _22001 |
||
| 080 |
_a616-084 _22001 |
||
| 080 |
_a(035) _22001 |
||
| 080 |
_a615.874.2 _22001 |
||
| 100 | 1 |
_aCoy, Johannes F., _d1963- _4aut |
|
| 240 | 1 | 4 |
_aDie Neue Anti-Krebs Ernährung _lSlovensky |
| 245 | 1 | 0 |
_aAktívne proti rakovine _bnový pohľad na výživu : [ako zastaviť rakovinový gén] _cJohannes F. Coy, Maren Franzová ; [z nemeckého originálu preložila Helena Galanová] |
| 246 | 3 | 0 | _aAko zastaviť rakovinový gén |
| 250 | _a[1. vyd.] | ||
| 260 |
_aBratislava _bIkar _c2010 |
||
| 300 |
_a208 s. _bfareb. fotogr. a ilustr. _c24 cm |
||
| 504 | _aReg. Slovník základných pojmov | ||
| 650 | 0 | 7 |
_amalígne nádorové ochorenia _2SNKPH |
| 650 | 0 | 7 |
_azdravá výživa _2SNKPH |
| 650 | 0 | 7 |
_aprevencia ochorení _2SNKPH |
| 650 | 0 | 7 |
_aCancer _2SNKPHeng |
| 650 | 0 | 7 |
_aPrevention of diseases _2SNKPHeng |
| 650 | 0 | 7 |
_aHealthy eating _2SNKPHeng |
| 650 | 0 | 7 |
_adietoterapia _2SNKPHeng |
| 650 | 0 | 7 |
_aDietotherapy _2SNKPHeng |
| 655 | 7 |
_apríručky _2SNKPH |
|
| 655 | 7 |
_aHandbooks, manuals, etc. _2SNKPHeng |
|
| 700 | 1 |
_aFranz, Maren, _d1968- _4aut |
|
| 700 | 1 |
_aGalanová, Helena, _d1949- _4trl |
|
| 942 |
_2ddc _cOLDO _n0 |
||
| 949 |
_6273K0524583 _asvkpoB 84405 _bsvkpo529003 |
||
| 949 |
_6273K0521042 _asvkpoB 84405a _bsvkpo529725 |
||
| 949 |
_617A0687306 _asnkSC 143840 _bsnk2011/2282 _o2864/10 |
||
| 949 |
_617A0687305 _asnkSC 143840 D1 _bsnk2011/2284 _o2864/10 _s6100:20210923 |
||
| 949 |
_6270001000366247 _asvkbbB 45756 _bsvkbbm 715206 |
||
| 980 | _a616-006.04 | ||
| 980 | _a615.874.2 | ||
| 980 | _a613.2 | ||
| 980 | _a616-084 | ||
| 980 | _a(035) | ||
| 999 |
_c20165 _d20165 |
||